| 000 | 00964nam a22003017a 4500 | ||
|---|---|---|---|
| 001 | 5280 | ||
| 003 | FISKH | ||
| 005 | 20241122135312.0 | ||
| 008 | 241122b cb ||||| |||| 00| 0 eng d | ||
| 020 | _a071001003994 | ||
| 040 |
_aFISKH _beng _cFISKH _dFISKH |
||
| 050 | _aPZ7.R2737 | ||
| 082 | _a823.914 | ||
| 100 | _aBanks, Lynne Reid | ||
| 245 |
_aOne More River / _cby Lynne Reid Banks |
||
| 250 | _aFirst Avon Camelot Printing : May 1993 | ||
| 260 |
_aNew York : _bAvon Books ; _c1973, 1992 . |
||
| 300 |
_a248 pages : _billustrations , maps ; _c20 cm . |
||
| 490 |
_aOne More River _vBook 1 |
||
| 505 | _aW | ||
| 520 | _aFourteen-year-old Lesley is upset when her parents abandon their comfortable life in Canada for a kibbutz in Israel prior to the 1967 war. | ||
| 521 | 8 |
_a950
_bLexile estimate |
|
| 521 | 8 |
_aW
_bRaz-Plus |
|
| 650 |
_aPalestine _vfiction |
||
| 650 |
_aemigration _vfiction |
||
| 942 |
_2ddc _cBK _n0 |
||
| 999 |
_c5280 _d5280 |
||